Biblioteca

Micah Network fourth triennial global consultation on creation stewardship and climate change (Registro nro. 68821)

Detalles MARC
000 -LÍDER
Campo fijo de descripción fija 01339nab a2200217 i 4500
001 - NÚMERO DE CONTROL
Campo de control 768714001
003 - IDENTIFICADOR DEL NÚMERO DE CONTROL
Campo de control CO-MdFUSB
005 - FECHA Y HORA DE LA ULTIMA TRANSACCIÓN
control field 20230607123941.0
008 - ELEMENTOS DE LONGITUD FIJA -- INFORMACIÓN GENERAL
Campo fijo de descripción fija -- Información general 230429s2010 us ||||| |||| 00| 0 eng d
022 ## - NÚMERO INTERNACIONAL NORMALIZADO PARA PUBLICACIONES SERIADAS
Número Internacional Normalizado para Publicaciones Seriadas 16698649
040 ## - FUENTE DE CATALOGACIÓN
Idioma de catalogación spa
Agencia Catalogadora CO-MdFUSB
Agencia que realiza la transcripción CO-MdFUSB
Agencia que realiza la modificación CO-MdFUSB
041 ## - CÓDIGO DE IDIOMA
Código de idioma para texto/pista de sonido o título separado eng
245 1# - TÍTULO
Título Micah Network fourth triennial global consultation on creation stewardship and climate change
Subtitulo : declaration on creation stewardship and climate change
Mención de responsabilidad / prólogo por René Padilla
300 ## - DESCRIPCIÓN FÍSICA
Extensión Volumen 5, número 1 (2010), páginas 73 - 78
Dimensiones ; 20 cm
520 ## - NOTA DE RESUMEN, ETC.
Nota de sumario, etc. Este documento constituye la Declaración sobre Mayordomía de la Creación y Cambió Climático de la Conferencia de The Micah Network. Es en sí un resumen de las preocupaciones ecológicas de una red evangélica completamente comprometida con la misión integral de Dios, concebida como proclamación y demostración del evangelio. En él el lector encontrará sintetizados en diez puntos los principales hallazgos de la Cuarta Consulta Global Trienal.
546 ## - NOTA DE IDIOMA
Nota de idioma Texto en inglés
650 #7 - ASIENTO SECUNDARIO DE MATERIA - TERMINO TEMÁTICO
9 (RLIN) 251
Término temático o nombre geográfico como elemento de entrada Creación
700 1# - ENTR. SECUNDARIA - Nombre Personal (R)
Nombre de persona Padilla, C. René
Fechas 1932-
Término indicativo de función prologuista
773 0# - ASIENTO DE ITEM FUENTE
Biblionumber 49416
Itemnumber 59774
Lugar, editorial y fecha de publicación Santiago de Chile
Otro identificador del ítem R1515
Título Journal of Latin American Theology :
Número de control del registro (CO-MdFUSB)118
Número Internacional Normalizado para Publicaciones Seriadas (ISSN) 1669-8949
Parte(s) relacionada(s) / Volumen., número. (mes año), páginas Volumen 5, número 1 (2010), páginas 73 - 78
Enumeración y primera página página 73
942 ## - TIPO DE MATERIAL (KOHA)
Tipo de Item KOHA Artículos de Revista

No hay ítems disponibles.

Biblioteca FUSBC | Teléfono: (57+4) 349 88 10 Ext. 141| WhatsApp (+57) 3005338115 
E-mail: biblioteca@unisbc.edu.co | Calle 76 87-14 Robledo Palenque, Medellín, Colombia

Con tecnología Koha